| 000 | 00843nam a22003255b 4500 | ||
|---|---|---|---|
| 001 | 0393180 | ||
| 003 | DO-SdBNP | ||
| 005 | 20160420083206.0 | ||
| 007 | 0393180 | ||
| 008 | 940202s1993 sp | |||| ||spa | ||
| 016 | 7 |
_a _2BPMSU |
|
| 017 |
_a _b |
||
| 020 | _a8434811391 | ||
| 035 | _a | ||
| 040 |
_aBPMSU _bspa _cBPMSU _e |
||
| 041 | 1 |
_aspa _h |
|
| 080 | 0 | _a | |
| 100 | 1 |
_aBeckman, Thea _d1923-2004 |
|
| 240 | 1 | 0 |
_aKruistocht in Spijkerbroek _lespañol |
| 245 | 1 |
_aCruzada en 'jeans' / _h _cThea Beckman ; traducción Guillermo Solana |
|
| 250 | _a14ª ed. | ||
| 260 |
_aMadrid : _bSM, _c1993 |
||
| 300 |
_a283 p. : _c21 cm |
||
| 440 | 0 |
_aGran angular _v29 |
|
| 700 | 1 |
_aSolana, Guillermo _d1930-2004 |
|
| 700 | 1 | _a | |
| 830 |
_aGran angular _v29 |
||
| 942 |
_2ddc _cBK |
||
| 956 |
_aVMATEO _210 _320160420 _6BPMSU _80069 |
||
| 999 |
_c9844 _d9844 |
||